000 00387nam a2200157Ia 4500
008 241014s9999||||xx |||||||||||||| ||und||
020 _a9788175542488
060 _aHD 30 S 2004
100 _aSadler, Philip
245 0 _aStrategic Management
250 _a2004
260 _aNew Delhi
_bKogan Page India
300 _a272
650 _aStrategic Management
942 _bIBHM
_cBK
999 _c15824
_d15824